1001 canciones que hay que escuchar antes de morir

Guardat en:
Dades bibliogràfiques
Autor principal: Dimery, Robert (Autor)
Format: Llibre
Idioma:espanyol
Publicat: Barcelona Random House Mondadori 2011
Edició:1a. ed
Matèries:
Etiquetes: Afegir etiqueta
Sense etiquetes, Sigues el primer a etiquetar aquest registre!

MARC

LEADER 00000cam a2200000 a 4500
001 UCG7204
003 CL-VaPUC
008 110624e20110200SP |||||||||||||||||spa|d
020 |a 9788425346170 
082 0 4 |a 780  |b DIM  |2 21 
100 0 |a Dimery, Robert  |e author  |9 557857 
245 1 0 |a 1001 canciones que hay que escuchar antes de morir 
250 |a 1a. ed 
300 |a 899 p 
942 |c BK 
945 |d 20110624 00:00:00  |a dcastane 
260 |a Barcelona  |b Random House Mondadori  |c 2011 
650 0 |a Música  |9 306269 
650 0 |a Historia de la música  |9 306741 
650 7 |a CANCIONES  |2 CL-VaPUC  |9 557858 
583 |a last modification  |c 20120718 01:17:29  |k Rodrigo Vera 
999 |c 345268  |d 345266 
952 |0 0  |1 0  |4 0  |6 780_000000000000000_DIM_2011  |7 0  |8 X  |9 443751  |a FDOMLP  |b FDOMLP  |d 2019-11-22  |i 4786009  |o 780 DIM 2011  |p 4786009  |r 2019-11-22  |w 2019-11-22  |y BK_X  |k BU2 
952 |0 0  |1 0  |4 0  |6 780_000000000000000_DIM_2011  |7 0  |8 A  |9 443752  |a BIBING  |b BIBING  |d 2019-11-22  |i 4874374  |l 4  |o 780 DIM 2011  |p 4874374  |r 2025-01-20  |s 2024-04-22  |w 2019-11-22  |y BK  |k CUI